Country Shape Quiz #4 - One Minute Sprint - Statistics

General Stats
  • This quiz has been taken 66 times
  • The average score is 12 of 16
Answer Stats
Picture Answer % Correct
Senegal
93%
Sri Lanka
90%
Denmark
88%
Laos
86%
Malaysia
81%
Benin
80%
Mozambique
80%
Nepal
80%
Venezuela
78%
Kazakhstan
75%
Sudan
75%
Taiwan
75%
North Korea
64%
Trinidad and Tobago
64%
Costa Rica
51%
Nicaragua
51%
No matching quizzes found
Score Distribution
Percent of People with Each Score
Percentile by Number Answered
Your Score History
You have not taken this quiz